les élèves de serpentard - Statistiques

Statistiques générales
  • Ce quiz a été pris 97 fois
  • Le résultat moyen est 8 sur 13
Answers on the Grid
Answers color-coded by a green-red scale on the quiz's grid according to % correct below.
Drago Malefoy
Narcissa Malefoy
Lucius Malefoy
Bellatrix Lestrange
Sirius Black
Harry Potter
Régulus Black
Voldemort
Peter Pettigrew
Quirinus Quirell
Merlin
Cho Chang
Severus Rogue
Pansy Parkinson
Lavande Brown
Horace Slughorn
Albus Dumbledore
Nymphadora Tonks
Viktor Krum
Cédric Diggory
Blaise Zabini
Vincent Crabbe
Grégory Goyle
 
Statistiques - réponses
Réponse % Correct
Drago Malefoy
100%
Bellatrix Lestrange
85%
Lucius Malefoy
85%
Narcissa Malefoy
79%
Voldemort
74%
Severus Rogue
68%
Grégory Goyle
60%
Vincent Crabbe
60%
Régulus Black
59%
Blaise Zabini
51%
Pansy Parkinson
51%
Horace Slughorn
43%
Merlin
29%
Aucun quiz correspondant
Distribution des résultats
% des personnes avec chaque résultat
Percentile par nombre de réponses
Votre historique - résultats
Vous n’avez pas pris ce quiz